<?xml version="1.0" encoding="UTF-8"?>
<record
    xmlns:xsi="http://www.w3.org/2001/XMLSchema-instance"
    xsi:schemaLocation="http://www.loc.gov/MARC21/slim http://www.loc.gov/standards/marcxml/schema/MARC21slim.xsd"
    xmlns="http://www.loc.gov/MARC21/slim">

  <leader>00811nam a22001577a 4500</leader>
  <controlfield tag="003">OSt</controlfield>
  <controlfield tag="005">20151006163731.0</controlfield>
  <controlfield tag="008">151006b        xxu||||| |||| 00| 0 eng d</controlfield>
  <datafield tag="040" ind1=" " ind2=" ">
    <subfield code="c">RUA</subfield>
  </datafield>
  <datafield tag="082" ind1=" " ind2=" ">
    <subfield code="a">AVM TRA 2006 B076 Or.1</subfield>
  </datafield>
  <datafield tag="100" ind1=" " ind2=" ">
    <subfield code="9">2215</subfield>
    <subfield code="a">TRAY, KIMLAY.</subfield>
  </datafield>
  <datafield tag="245" ind1=" " ind2=" ">
    <subfield code="a">The effect of druck weed supplementation on growth rate of avian broiler at animal experimental station of royal university of agriculture, &#x17A5;&#x1791;&#x17D2;&#x1792;&#x1796;&#x179B;&#x1793;&#x17C3;&#x1780;&#x17B6;&#x179A;&#x1794;&#x1793;&#x17D2;&#x1790;&#x17C2;&#x1798;&#x1785;&#x1780;&#x1794;&#x17B6;&#x1799;&#x1791;&#x17B6;&#x200B; &#x1791;&#x17C5;&#x179B;&#x17BE;&#x1780;&#x17B6;&#x179A;&#x179B;&#x17BC;&#x178F;&#x179B;&#x17B6;&#x179F;&#x17CB;&#x179A;&#x1794;&#x179F;&#x17CB;&#x1798;&#x17B6;&#x1793;&#x17CB;&#x179F;&#x17B6;&#x1785;&#x17CB;AVIAN &#x1793;&#x17C5;&#x179F;&#x17D2;&#x1790;&#x17B6;&#x1793;&#x17B8;&#x1799;&#x17CD;&#x1796;&#x17B7;&#x179F;&#x17C4;&#x1792;&#x1793;&#x17CD;&#x179F;&#x178F;&#x17D2;&#x179C; &#x1793;&#x17C3;&#x179F;&#x17B6;&#x1780;&#x179B;&#x179C;&#x17B7;&#x1791;&#x17D2;&#x1799;&#x17B6;&#x179B;&#x17D0;&#x1799;&#x1797;&#x17BC;&#x1798;&#x17B7;&#x1793;&#x17D2;&#x1791;&#x1780;&#x179F;&#x17B7;&#x1780;&#x1798;&#x17D2;&#x1798;</subfield>
  </datafield>
  <datafield tag="260" ind1=" " ind2=" ">
    <subfield code="a">Phnom Penh</subfield>
    <subfield code="b">RUA</subfield>
    <subfield code="c">2006</subfield>
  </datafield>
  <datafield tag="300" ind1=" " ind2=" ">
    <subfield code="a">46p.</subfield>
    <subfield code="b">ill.</subfield>
    <subfield code="c">29cm.</subfield>
  </datafield>
  <datafield tag="942" ind1=" " ind2=" ">
    <subfield code="2">ddc</subfield>
    <subfield code="c">AVM</subfield>
  </datafield>
  <datafield tag="999" ind1=" " ind2=" ">
    <subfield code="c">2088</subfield>
    <subfield code="d">2088</subfield>
  </datafield>
  <datafield tag="952" ind1=" " ind2=" ">
    <subfield code="0">0</subfield>
    <subfield code="1">0</subfield>
    <subfield code="2">ddc</subfield>
    <subfield code="4">0</subfield>
    <subfield code="6">AVM_TRA_2006_000000000000000_B076_OR_1</subfield>
    <subfield code="7">0</subfield>
    <subfield code="9">8587</subfield>
    <subfield code="a">LBB</subfield>
    <subfield code="b">LBB</subfield>
    <subfield code="c">B076</subfield>
    <subfield code="d">2015-10-06</subfield>
    <subfield code="l">3</subfield>
    <subfield code="o">AVM TRA 2006 B076 Or.1</subfield>
    <subfield code="p">RUA007714</subfield>
    <subfield code="r">2022-03-18</subfield>
    <subfield code="s">2022-02-11</subfield>
    <subfield code="w">2015-10-06</subfield>
    <subfield code="y">AVM</subfield>
  </datafield>
  <datafield tag="952" ind1=" " ind2=" ">
    <subfield code="0">0</subfield>
    <subfield code="1">0</subfield>
    <subfield code="2">ddc</subfield>
    <subfield code="4">0</subfield>
    <subfield code="6">AVM_TRA_2006_000000000000000_B076_OR_2</subfield>
    <subfield code="7">0</subfield>
    <subfield code="9">8588</subfield>
    <subfield code="a">LBB</subfield>
    <subfield code="b">LBB</subfield>
    <subfield code="c">B076</subfield>
    <subfield code="d">2015-10-06</subfield>
    <subfield code="l">1</subfield>
    <subfield code="o">AVM TRA 2006 B076 Or.2</subfield>
    <subfield code="p">RUA007797</subfield>
    <subfield code="r">2021-09-07</subfield>
    <subfield code="s">2021-09-03</subfield>
    <subfield code="w">2015-10-06</subfield>
    <subfield code="y">AVM</subfield>
  </datafield>
  <datafield tag="952" ind1=" " ind2=" ">
    <subfield code="0">0</subfield>
    <subfield code="1">0</subfield>
    <subfield code="2">ddc</subfield>
    <subfield code="4">0</subfield>
    <subfield code="6">AVM_TRA_2006_000000000000000_B076_OR_3</subfield>
    <subfield code="7">0</subfield>
    <subfield code="9">8589</subfield>
    <subfield code="a">LBB</subfield>
    <subfield code="b">LBB</subfield>
    <subfield code="c">B076</subfield>
    <subfield code="d">2015-10-06</subfield>
    <subfield code="o">AVM TRA 2006 B076 Or.3</subfield>
    <subfield code="p">RUA007653</subfield>
    <subfield code="r">2015-10-06</subfield>
    <subfield code="w">2015-10-06</subfield>
    <subfield code="y">AVM</subfield>
  </datafield>
  <datafield tag="952" ind1=" " ind2=" ">
    <subfield code="0">0</subfield>
    <subfield code="1">0</subfield>
    <subfield code="2">ddc</subfield>
    <subfield code="4">0</subfield>
    <subfield code="6">AVM_TRA_2006_000000000000000_B076_OR_4</subfield>
    <subfield code="7">0</subfield>
    <subfield code="9">8590</subfield>
    <subfield code="a">LBB</subfield>
    <subfield code="b">LBB</subfield>
    <subfield code="c">B076</subfield>
    <subfield code="d">2015-10-06</subfield>
    <subfield code="l">2</subfield>
    <subfield code="o">AVM TRA 2006 B076 Or.4</subfield>
    <subfield code="p">RUA007725</subfield>
    <subfield code="r">2020-11-24</subfield>
    <subfield code="s">2020-11-20</subfield>
    <subfield code="w">2015-10-06</subfield>
    <subfield code="y">AVM</subfield>
  </datafield>
  <datafield tag="952" ind1=" " ind2=" ">
    <subfield code="0">0</subfield>
    <subfield code="1">0</subfield>
    <subfield code="2">ddc</subfield>
    <subfield code="4">0</subfield>
    <subfield code="6">AVM_TRA_2006_000000000000000_B076_OR_5</subfield>
    <subfield code="7">0</subfield>
    <subfield code="9">8591</subfield>
    <subfield code="a">LBB</subfield>
    <subfield code="b">LBB</subfield>
    <subfield code="c">B076</subfield>
    <subfield code="d">2015-10-06</subfield>
    <subfield code="o">AVM TRA 2006 B076 Or.5</subfield>
    <subfield code="p">RUA007803</subfield>
    <subfield code="r">2015-10-06</subfield>
    <subfield code="w">2015-10-06</subfield>
    <subfield code="y">AVM</subfield>
  </datafield>
  <datafield tag="952" ind1=" " ind2=" ">
    <subfield code="0">0</subfield>
    <subfield code="1">0</subfield>
    <subfield code="2">ddc</subfield>
    <subfield code="4">0</subfield>
    <subfield code="6">AVM_TRA_2006_000000000000000_B076_OR_6</subfield>
    <subfield code="7">0</subfield>
    <subfield code="9">37165</subfield>
    <subfield code="a">LBB</subfield>
    <subfield code="b">LBB</subfield>
    <subfield code="d">2016-02-04</subfield>
    <subfield code="o">AVM TRA 2006 B076 Or.6</subfield>
    <subfield code="p">RUA049630</subfield>
    <subfield code="r">2016-02-04</subfield>
    <subfield code="w">2016-02-04</subfield>
    <subfield code="y">AVM</subfield>
  </datafield>
</record>
